[Event "U18 Spanish Championship"]
[Site ""]
[Date "2017.07.31"]
[Round "1"]
[White "Jimenez Ramallo, Francisco J"]
[Black "Domingo Nunez, Alejandro"]
[Result "0-1"]
[BlackTitle "FM"]
[WhiteElo "1984"]
[BlackElo "2287"]
[Board "11"]
[WhiteClock "1:30"]
[WhiteCountry "ESP"]
[WhiteFideId "32020384"]
[WhiteEloChange "-3"]
[BlackClock "1:30"]
[BlackCountry "ESP"]
[BlackFideId "22245561"]
[BlackEloChange "3"]

1. c4 e5 2. Nc3 g6 3. g3 Bg7 4. Bg2 d6 5. Nf3 f5 6. d4 e4 7. Ng5 h6 8. Nh3
Nf6 9. O-O O-O 10. f3 c6 11. Qb3 g5 12. fxe4 Nxe4 13. Nxe4 fxe4 14. Rxf8+
Qxf8 15. Be3 Qe7 16. Nf2 Bf5 17. g4 Bg6 18. Nh1 Na6 19. Rf1 Rf8 20. Rxf8+
Kxf8 21. Ng3 Qd7 22. d5 c5 23. h3 Qe7 24. Bf2 e3 25. Qxe3 Qxe3 26. Bxe3
Bxb2 27. Ne4 Ke7 28. h4 Bxe4 29. Bxe4 Bd4 30. Bxd4 cxd4 31. hxg5 hxg5 32.
Kf2 Kf6 33. Ke1 Ke5 34. Bf5 Nc5 35. Kd2 Kf4 36. Bc8 b6 37. Bf5 Ne4+ 38. Kd3
Nf2+ 39. Kxd4 Nxg4 40. Bxg4 Kxg4 41. Ke4 Kh3 42. Kf5 g4 43. Ke6 g3 44. Kxd6
g2 45. e4 g1=Q 46. e5 Qc5+ 47. Kd7 Qxc4 48. d6 Qf7+ 49. Kc8 Qe8+ 0-1

[Event "U18 Spanish Championship"]
[Site ""]
[Date "2017.07.31"]
[Round "2"]
[White "Portela Peleteiro, Alberto"]
[Black "Centron Antuna, Daniel"]
[Result "0-1"]
[WhiteTitle "FM"]
[WhiteElo "2398"]
[BlackElo "2112"]
[Board "3"]
[WhiteClock "1:30"]
[WhiteCountry "ESP"]
[WhiteFideId "22276106"]
[WhiteEloChange "-17"]
[BlackClock "1:30"]
[BlackCountry "ESP"]
[BlackFideId "22288694"]
[BlackEloChange "17"]

1. e4 c5 2. Nf3 e6 3. d4 cxd4 4. Nxd4 Nf6 5. Nc3 Bb4 6. e5 Nd5 7. Qg4 O-O
8. Bh6 g6 9. Bd2 Qc7 10. Qg3 Nc6 11. Nxc6 bxc6 12. a3 Nxc3 13. Bxc3 Bxc3+
14. Qxc3 f6 15. exf6 Qf4 16. Be2 Qxf6 17. Qxf6 Rxf6 18. O-O e5 19. c4 d5
20. b4 Bf5 21. cxd5 cxd5 22. Rac1 Rd8 23. g4 Be6 24. Rc6 g5 25. f3 Kg7 26.
Rfc1 Rd7 27. Ra6 Bg8 28. Rxf6 Kxf6 29. Bd3 Ke7 30. Bf5 Be6 31. Bxh7 Kd6 32.
Bd3 Rf7 33. Kg2 Rf4 34. Rd1 d4 35. Kg3 Bd5 36. Be2 e4 37. fxe4 Rxe4 38. Kf2
Ke5 39. Rd3 Rf4+ 40. Ke1 Bc4 41. Rd2 Re4 42. Kd1 Be6 43. h3 Re3 44. Rd3 Ke4
45. Rxe3+ Kxe3 46. Ke1 d3 47. Bd1 d2+ 48. Kf1 Bc4+ 49. Kg2 Be2 50. Ba4 d1=Q
51. Bxd1 Bxd1 52. Kg3 Kd4 53. h4 gxh4+ 54. Kxh4 Kc3 55. Kg3 Kb2 56. Kf4
Kxa3 57. Ke3 Bxg4 58. Kd2 Kb2 59. Kd3 a6 60. Kd2 Bf5 61. Kd1 Kc3 62. Kc1
Bg6 0-1

[Event "U18 Spanish Championship"]
[Site ""]
[Date "2017.07.31"]
[Round "2"]
[White "Lianes Garcia, Marcos"]
[Black "Mari Copa, Adria"]
[Result "1/2-1/2"]
[WhiteTitle "FM"]
[WhiteElo "2352"]
[BlackElo "2103"]
[Board "5"]
[WhiteClock "1:30"]
[WhiteCountry "ESP"]
[WhiteFideId "32060777"]
[WhiteEloChange "-6"]
[BlackClock "1:30"]
[BlackCountry "ESP"]
[BlackFideId "22276122"]
[BlackEloChange "6"]

1. e4 c5 2. g3 Nc6 3. Bg2 e6 4. Ne2 Nf6 5. O-O Be7 6. c3 d5 7. exd5 Nxd5 8.
d4 cxd4 9. cxd4 O-O 10. Nbc3 Nxc3 11. bxc3 Na5 12. Rb1 Rb8 13. c4 b6 14.
Bf4 Bd6 15. Bxd6 Qxd6 16. c5 bxc5 17. dxc5 Qc7 18. Rxb8 Qxb8 19. Qa4 Qc7
20. Rc1 Ba6 21. Nd4 Rb8 22. h4 g6 23. Qa3 Rd8 24. Nb3 Nxb3 25. Qxb3 Bc8 26.
Qe3 h5 27. Kh2 Ba6 28. c6 Rd3 29. Qg5 Kg7 30. Rc2 Rd4 31. Rd2 Rxd2 32. Qxd2
Bc8 33. Qc3+ f6 34. Qc5 Kf7 35. Qc1 Kg7 36. Qd2 e5 37. Qc3 Be6 38. Qb4 Bc8
39. Bd5 Ba6 40. Qc5 Bc8 41. Kg1 Ba6 42. Qc3 Bc8 43. Qc4 f5 44. Be6 Kf6 45.
Bxc8 Qxc8 46. Qb5 Qd8 47. Qa6 Qd6 48. Kh2 f4 49. gxf4 exf4 50. Qc4 Ke7 51.
c7 f3+ 52. Kh3 Qd7+ 53. Kg3 Qc8 54. Kxf3 Kd6 55. Qd4+ Kc6 56. Qe4+ Kd7 57.
Qd5+ Ke7 58. Qd8+ Qxd8 59. cxd8=Q+ Kxd8 60. Kf4 Ke7 61. Kg5 Kf7 62. a4 a5
63. f4 Kg7 64. f5 gxf5 65. Kxf5 Kf7 66. Ke5 Kg6 67. Ke6 Kg7 68. Kd5 Kf6 69.
Kc5 Ke5 70. Kb5 Kd5 71. Kb6 Kc4 72. Kxa5 Kc5 73. Ka6 Kc6 74. a5 Kc7 75. Kb5
Kb7 76. Kc5 Ka6 77. Kd5 Kxa5 78. Ke5 Kb6 79. Kf6 Kc7 80. Kg6 Kd7 81. Kxh5
Ke8 82. Kg6 Kf8 83. Kh7 Kf7 84. h5 Kf8 1/2-1/2

[Event "U18 Spanish Championship"]
[Site ""]
[Date "2017.08.01"]
[Round "3"]
[White "Domingo Nunez, Ruben"]
[Black "Serra Canals, Oriol"]
[Result "0-1"]
[WhiteTitle "FM"]
[WhiteElo "2283"]
[BlackElo "2105"]
[Board "13"]
[WhiteClock "1:30"]
[WhiteCountry "ESP"]
[WhiteFideId "22245570"]
[WhiteEloChange "-15"]
[BlackClock "1:30"]
[BlackCountry "ESP"]
[BlackFideId "22276084"]
[BlackEloChange "15"]

1. e4 e6 2. d4 d5 3. Nc3 Bb4 4. e5 c5 5. a3 Bxc3+ 6. bxc3 Ne7 7. Nf3 h6 8.
h4 b6 9. Bb5+ Bd7 10. Bd3 c4 11. Be2 Ba4 12. h5 Kd7 13. Nh4 Qg8 14. g3 Qh7
15. Ra2 Nbc6 16. O-O Kc7 17. Bg4 Kb7 18. Kh2 Rag8 19. f4 g6 20. Rg1 Rg7 21.
hxg6 Nxg6 22. Nf3 Rhg8 23. Bh3 Nce7 24. Be3 Nf8 25. Rb2 Nd7 26. Bf2 Nf5 27.
g4 Ne7 28. Qe2 f6 29. exf6 Nxf6 30. Qxe6 Ne4 31. Bh4 Ng6 32. Qxd5+ Bc6 33.
Qxc4 Nxf4 34. Ne5 Bd5 35. Qf1 Nxh3 36. Qxh3 h5 37. g5 Nxg5 38. Bxg5 Rxg5
39. Rxg5 Rxg5 40. Qd7+ Qxd7 41. Nxd7 Rg2+ 42. Kh3 Rg1 43. Nf6 Rh1+ 44. Kg3
h4+ 45. Kf2 Rh2+ 46. Ke3 Rh3+ 47. Kf4 Rf3+ 48. Kg5 Rxf6 49. c4 Bg2 50. Kxf6
h3 51. Rb1 h2 52. d5 h1=Q 53. Rxh1 Bxh1 54. Ke7 Kc8 55. Kd6 Bf3 56. c3 Kb7
57. c5 b5 58. c6+ Kb6 59. c7 Bg4 60. Ke5 0-1

[Event "U18 Spanish Championship"]
[Site ""]
[Date "2017.08.02"]
[Round "4"]
[White "Redondo Benavente, Ana"]
[Black "Jimenez Ruano, Adrian"]
[Result "1/2-1/2"]
[WhiteTitle "WFM"]
[WhiteElo "2026"]
[BlackElo "2171"]
[Board "19"]
[WhiteClock "1:30"]
[WhiteCountry "ESP"]
[WhiteFideId "32021674"]
[WhiteEloChange "4"]
[BlackClock "1:30"]
[BlackCountry "ESP"]
[BlackFideId "22276050"]
[BlackEloChange "-4"]

1. e4 c5 2. b3 Nc6 3. Bb2 d6 4. Bb5 e5 5. Ne2 Nf6 6. d3 Be7 7. O-O O-O 8.
Bxc6 bxc6 9. Nd2 Qc7 10. Nc4 Re8 11. Qe1 Nh5 12. Ne3 Bg5 13. Qd1 g6 14. Kh1
Be6 15. Nc4 Rad8 16. Bc3 Qb8 17. Na5 Bd7 18. Bd2 Bf6 19. Rb1 d5 20. b4 c4
21. dxc4 dxc4 22. Ng3 Ng7 23. Qe2 Qb5 24. Be3 a6 25. Qxc4 Qxc4 26. Nxc4 Be6
27. Na5 Bxa2 28. Rb2 Be6 29. Nxc6 Rc8 30. Na5 Be7 31. Bd2 h5 32. Rc1 Red8
33. Nf1 Ne8 34. f3 Nd6 35. c3 f5 36. exf5 gxf5 37. Be3 Nb5 38. c4 Na3 39.
Bc5 Bg5 40. Be3 Bxe3 41. Nxe3 f4 42. Rb3 Nb5 43. Nf1 Nd4 44. Rb2 Kf7 45.
Kg1 Rg8 46. Kf2 Rg7 47. g3 Rcg8 48. b5 axb5 49. cxb5 Kf6 50. b6 Bd5 51. b7
Rb8 52. Rc8 Rg8 53. Rb6+ Kf5 54. Rxg8 Bxg8 55. Ra6 Bd5 56. Ra8 Rxa8 57.
bxa8=Q Bxa8 58. Nd2 Bd5 59. Nac4 Nxf3 60. Nd6+ Ke6 61. Nxf3 fxg3+ 62. hxg3
Bxf3 63. Nc4 Bg4 64. Ke3 Kf5 65. Nd6+ Ke6 66. Ne4 Bf5 67. Ng5+ Kf6 68. Nf3
Bh7 69. Kf2 Be4 70. Nd2 Bd5 71. Nf1 Kg5 72. Ne3 Bf7 73. Nf1 Kg4 74. Nh2+
Kf5 75. Nf3 Bd5 76. Nd2 Ba8 77. Ke3 Kg4 78. Kf2 e4 79. Nc4 Kf5 80. Ne3+ Ke5
81. Nc2 Bc6 82. Ke3 Bd7 83. Nd4 Bg4 84. Nc6+ Kd6 85. Nd4 Kd5 86. Nb5 Bf3
87. Nd4 Bh1 88. Nb5 Ke5 89. Nd4 Bg2 90. Nc2 Kf5 91. Kf2 Bf3 92. Nd4+ Kg4
93. Nc2 Kh3 94. Ne3 Kh2 95. Nf1+ Kh3 96. Ne3 1/2-1/2

[Event "U18 Spanish Championship"]
[Site ""]
[Date "2017.08.02"]
[Round "5"]
[White "Ros Alonso, Jaume"]
[Black "Castillo Dalmau, Albert"]
[Result "0-1"]
[WhiteElo "2006"]
[BlackElo "2258"]
[Board "10"]
[WhiteClock "n/a"]
[WhiteCountry "ESP"]
[WhiteFideId "32013418"]
[WhiteEloChange "-4"]
[BlackClock "n/a"]
[BlackCountry "ESP"]
[BlackFideId "32009925"]
[BlackEloChange "4"]

1. e4 c5 2. Nf3 e6 3. d4 cxd4 4. Nxd4 Nc6 5. Nc3 Qc7 6. g3 a6 7. Bg2 Nf6 8.
O-O Nxd4 9. Qxd4 Bc5 10. Bf4 d6 11. Qd2 h6 12. Rad1 e5 13. Be3 Be6 14. Bxc5
dxc5 15. Qd6 Qxd6 16. Rxd6 Ke7 17. Rb6 Kd7 18. Nd5 Rab8 19. Rd1 Bxd5 20.
exd5 Kc7 21. Rb3 Kd6 22. Rb6+ Kc7 23. Rb3 Kd6 24. a4 b6 25. Rbd3 c4 26. Re3
Rhe8 27. Bf1 b5 28. b3 cxb3 29. Rxb3 bxa4 30. Ra3 Nd7 31. Rxa4 Nc5 32. Rg4
g5 33. h4 f5 34. Rc4 e4 35. Rc3 Rb2 36. Bxa6 Reb8 37. Bc4 Rb1 38. Rxb1
Rxb1+ 39. Kg2 Rb2 40. h5 Ke5 41. Ba2 Kd4 42. Ra3 Rxc2 43. Ra7 e3 44. d6
Rxf2+ 45. Kg1 Ke5 46. d7 Nxd7 47. Rxd7 Rxa2 48. Re7+ Kd4 49. Re6 Kd3 50.
Rd6+ Ke4 51. Rxh6 Kf3 52. Re6 e2 53. h6 Ra1+ 54. Kh2 e1=Q 0-1

[Event "U18 Spanish Championship"]
[Site ""]
[Date "2017.08.03"]
[Round "6"]
[White "Plazuelo Pascual, Juan"]
[Black "Porta Tovar, Guillem"]
[Result "0-1"]
[WhiteTitle "FM"]
[WhiteElo "2334"]
[BlackElo "2202"]
[Board "5"]
[WhiteClock "1:30"]
[WhiteCountry "ESP"]
[WhiteFideId "32059566"]
[WhiteEloChange "-14"]
[BlackClock "1:30"]
[BlackCountry "ESP"]
[BlackFideId "32008341"]
[BlackEloChange "14"]

1. d4 e6 2. Nf3 f5 3. g3 Nf6 4. Bg2 Be7 5. O-O O-O 6. c4 d6 7. Nc3 Ne4 8.
Nxe4 fxe4 9. Ne1 d5 10. f3 dxc4 11. fxe4 Rxf1+ 12. Kxf1 Nc6 13. Be3 Bd7 14.
Nf3 b5 15. Kg1 Bf6 16. Rc1 Be8 17. e5 Be7 18. Bf2 Qd7 19. Qd2 Bg6 20. Qe3
Rd8 21. h4 h6 22. Bh3 Nb4 23. a3 Nd5 24. Qd2 Rf8 25. Bg2 Bd8 26. Nh2 Ne7
27. e4 c5 28. d5 exd5 29. exd5 Bd3 30. Bxc5 Nxd5 31. Re1 Re8 32. Nf3 Qg4
33. Kh2 Bc7 34. Bd6 Bb6 35. e6 Rxe6 36. Ne5 Rxe5 37. Bxe5 Ne7 38. Qf4 Qxf4
39. Bxf4 Kf7 40. Bf1 Bc2 41. Bg2 a5 42. Re5 Ba4 43. Re2 Bd8 44. Bd6 Nf5 45.
Bd5+ Kg6 46. Be4 Kf6 47. Bc5 Bc7 48. Bxf5 Kxf5 49. Bd4 g5 50. hxg5 hxg5 51.
Re7 Bd6 52. Rd7 Bb8 53. Rb7 Bd6 54. Rd7 Bb8 55. Rb7 Bd6 56. Rb6 Be5 57.
Bxe5 Kxe5 58. Kg2 Kd4 59. Rd6+ Ke3 60. Rd5 g4 61. Kg1 Ke4 62. Rd8 Kf3 63.
Kh2 b4 64. axb4 axb4 65. Rc8 Bb3 66. Rb8 Ke2 67. Rxb4 Kd2 68. Rb8 Kc1 69.
Kg2 Kxb2 70. Kf2 c3 71. Ke3 c2 72. Rc8 c1=Q+ 73. Rxc1 Kxc1 74. Kf4 Be6 0-1

[Event "U18 Spanish Championship"]
[Site ""]
[Date "2017.08.03"]
[Round "6"]
[White "Roldan Marques, Daniel"]
[Black "Centron Antuna, Daniel"]
[Result "1-0"]
[WhiteTitle "FM"]
[WhiteElo "2300"]
[BlackElo "2112"]
[Board "13"]
[WhiteClock "1:30"]
[WhiteCountry "ESP"]
[WhiteFideId "32063318"]
[WhiteEloChange "5"]
[BlackClock "1:30"]
[BlackCountry "ESP"]
[BlackFideId "22288694"]
[BlackEloChange "-5"]

1. d4 d5 2. c4 c6 3. cxd5 cxd5 4. Bf4 Nf6 5. Nc3 a6 6. e3 Nc6 7. Bd3 Bg4 8.
Nge2 e6 9. O-O Bd6 10. Bxd6 Qxd6 11. Rc1 O-O 12. f4 h5 13. Na4 Ne7 14. Nc5
Rab8 15. Qd2 Bf5 16. Nc3 h4 17. Be2 Bg4 18. Rfe1 Bxe2 19. Rxe2 Nf5 20. Qd3
Rfc8 21. h3 Nh5 22. Rec2 Rc6 23. Ne2 Qe7 24. e4 dxe4 25. Nxe4 Rxc2 26. Qxc2
Nf6 27. Qc7 Qxc7 28. Nxf6+ gxf6 29. Rxc7 Rd8 30. Rxb7 Nxd4 31. Kf2 Nf5 32.
Rb6 Rd2 33. Ke1 Rc2 34. Rb3 Rxe2+ 35. Kxe2 Nd4+ 36. Kd3 Nxb3 37. axb3 Kg7
38. b4 Kf8 39. Kc4 Ke7 40. b5 axb5+ 41. Kxb5 e5 42. Kc4 Ke6 43. Kd3 Kd5 44.
Ke3 Kc5 45. Ke4 Kd6 46. g3 hxg3 47. Kf3 exf4 48. h4 Ke5 49. h5 Kd4 50. h6
Kd3 51. h7 g2 52. Kxg2 Ke2 53. h8=Q f3+ 54. Kg3 1-0

[Event "U18 Spanish Championship"]
[Site ""]
[Date "2017.08.03"]
[Round "6"]
[White "Pulido Esteban, Francisco Daniel"]
[Black "Goni Navarro, Pablo"]
[Result "1-0"]
[WhiteElo "2065"]
[BlackElo "2197"]
[Board "17"]
[WhiteClock "1:30"]
[WhiteCountry "ESP"]
[WhiteFideId "22274839"]
[WhiteEloChange "14"]
[BlackClock "1:30"]
[BlackCountry "ESP"]
[BlackFideId "22295720"]
[BlackEloChange "-14"]

1. e4 c5 2. Nc3 g6 3. g3 Bg7 4. Bg2 Nc6 5. d3 d6 6. f4 e6 7. Nf3 Nge7 8.
O-O O-O 9. Be3 b6 10. d4 Ba6 11. Rf2 Qc7 12. h3 Rad8 13. g4 f5 14. d5 Nd4
15. Nxd4 cxd4 16. Bxd4 e5 17. fxe5 dxe5 18. Be3 f4 19. Bd2 Rc8 20. Bf1 Bxf1
21. Qxf1 Bf6 22. Rf3 h5 23. Qg2 hxg4 24. Qxg4 Kg7 25. h4 Rh8 26. Be1 Qc5+
27. Kg2 Qb4 28. d6 Qxd6 29. Rd1 Qb4 30. b3 Rxc3 31. Rxc3 Qxe4+ 32. Kh2 Kf7
33. Rd6 Qf5 34. Qxf5 gxf5 35. Rc7 e4 36. Rxf6+ Kxf6 37. Bc3+ Ke6 38. Bxh8
f3 39. Rxe7+ Kxe7 40. Kg3 f4+ 41. Kf2 Ke6 42. h5 Kf5 43. h6 Kg4 44. Bd4 e3+
45. Bxe3 fxe3+ 46. Kxe3 Kg3 47. h7 f2 48. h8=Q f1=Q 49. Qg7+ Kh4 50. Qh6+
Kg4 51. Qg6+ Kh4 52. Qe4+ Kg5 53. Qe7+ Kg4 54. Qg7+ Kh5 55. Qe5+ Kg6 56.
Qg3+ Kf5 57. Qf3+ Qxf3+ 58. Kxf3 Ke5 59. Ke3 Kd5 60. Kd3 Kc5 61. a3 a5 62.
c4 Kc6 63. Kd4 Kd6 64. b4 axb4 65. axb4 Kd7 66. Kd5 Kc7 67. Ke6 Kc6 68. Ke7
Kc7 69. b5 Kc8 70. Kd6 Kb7 71. Kd7 Kb8 72. Kc6 Ka7 73. Kc7 Ka8 74. Kxb6 Kb8
75. c5 Ka8 76. Kc7 Ka7 77. b6+ Ka8 78. b7+ 1-0

[Event "U18 Spanish Championship"]
[Site ""]
[Date "2017.08.03"]
[Round "6"]
[White "Martinez Pla, Xavier"]
[Black "Redondo Benavente, Ana"]
[Result "1/2-1/2"]
[BlackTitle "WFM"]
[WhiteElo "2166"]
[BlackElo "2026"]
[Board "20"]
[WhiteClock "1:26"]
[WhiteCountry "ESP"]
[WhiteFideId "32074271"]
[WhiteEloChange "-4"]
[BlackClock "1:30"]
[BlackCountry "ESP"]
[BlackFideId "32021674"]
[BlackEloChange "4"]

1. e4 e5 2. Nf3 Nc6 3. Bb5 Nf6 4. d3 Bc5 5. Nbd2 O-O 6. Nc4 d6 7. Be3 Nd4
8. Bxd4 Bxd4 9. c3 Bb6 10. Nxb6 axb6 11. Bc4 Qe7 12. Qe2 Be6 13. Nd2 Rfe8
14. h3 d5 15. Bb3 dxe4 16. dxe4 Bxb3 17. Nxb3 Qe6 18. O-O Ra4 19. f3 Nh5
20. Rfd1 Rea8 21. Nc1 Nf4 22. Qf2 b5 23. a3 h6 24. Ne2 Nh5 25. Rd2 b4 26.
cxb4 Rxb4 27. Rad1 Rb3 28. Nc1 Rb5 29. Nd3 Nf6 30. Nb4 Qb6 31. Qxb6 Rxb6
32. Rd8+ Rxd8 33. Rxd8+ Kh7 34. Rc8 c6 35. Nd3 Nh5 36. b4 Ra6 37. Nxe5 Rxa3
38. Nxf7 Ra2 39. e5 Nf4 40. Kf1 Kg6 41. Nd6 Nxg2 42. e6 Kf6 43. Re8 Ne3+
44. Kg1 Nd5 45. Ne4+ Kg6 46. Rf8 b5 47. f4 Rb2 48. f5+ Kh5 49. Nc3 Nxc3 50.
e7 Re2 51. e8=Q+ Rxe8 52. Rxe8 Nd5 53. Rg8 Kg5 54. Rxg7+ Kxf5 55. Rg4 Nf4
56. Kh2 h5 57. Rg8 Nd5 58. Rh8 Kg5 59. Kg3 Nxb4 60. h4+ Kg6 61. Rg8+ Kh6
62. Rd8 Kg7 63. Kf4 Nd5+ 64. Ke5 b4 65. Kd6 Ne3 66. Kxc6 Nf5 67. Rb8 Nxh4
68. Rxb4 Nf5 69. Kd5 Kg6 70. Ke4 Nd6+ 71. Kf4 Nf7 72. Rb6+ Kg7 73. Kg3 Ne5
74. Kh4 Nf7 75. Kxh5 Ne5 76. Kg5 Nf7+ 77. Kf5 Nh6+ 78. Ke6 Kg6 79. Rb1 Nf7
80. Rg1+ Ng5+ 81. Ke5 Kh5 82. Kf5 Nh3 83. Rg4 Nf2 84. Rf4 Nh3 85. Rg4 Nf2
1/2-1/2

[Event "U18 Spanish Championship"]
[Site ""]
[Date "2017.08.03"]
[Round "6"]
[White "Perez Tores, Juan Miguel"]
[Black "Ros Alonso, Jaume"]
[Result "1-0"]
[WhiteElo "2163"]
[BlackElo "2006"]
[Board "21"]
[WhiteClock "n/a"]
[WhiteCountry "ESP"]
[WhiteFideId "22247602"]
[WhiteEloChange "6"]
[BlackClock "n/a"]
[BlackCountry "ESP"]
[BlackFideId "32013418"]
[BlackEloChange "-6"]

1. e4 c5 2. Nf3 e6 3. d4 cxd4 4. Nxd4 a6 5. Nc3 Qc7 6. Qf3 Bd6 7. Qg4 Be5
8. Be3 Nf6 9. Qh4 Nc6 10. O-O-O Ne7 11. f3 d5 12. Bg1 O-O 13. Qe1 b5 14. a3
Bd6 15. Kb1 e5 16. Ndxb5 axb5 17. Nxb5 Qb8 18. exd5 Bf5 19. Nxd6 Qxd6 20.
Bd3 Rfb8 21. Kc1 Rxb2 22. Qc3 Rab8 23. Bc5 Qxd5 24. Bxe7 e4 25. Qxb2 Rxb2
26. Bxe4 Qb5 27. Bb4 Rxb4 28. axb4 Bxe4 29. fxe4 g6 30. Rd4 Qg5+ 31. Kb2
Qxg2 32. Rhd1 Nxe4 33. Kb3 f5 34. b5 Nc5+ 35. Kb4 Qxc2 36. R1d2 Qc1 37. Rd1
Qc2 38. R1d2 Qc1 39. Rd1 Qb2+ 40. Kxc5 f4 41. b6 f3 42. b7 Qc2+ 43. Rc4
Qf5+ 44. Kb6 Qe6+ 45. Rc6 Qe3+ 46. Kc7 Qe5+ 47. Kc8 Qf5+ 48. Rd7 f2 49.
b8=Q f1=Q 50. Kb7+ Qf8 51. Qxf8+ Qxf8 52. Rc8 1-0

[Event "U18 Spanish Championship"]
[Site ""]
[Date "2017.08.04"]
[Round "7"]
[White "Redondo Benavente, Ana"]
[Black "Vidal Fernandez, Pablo"]
[Result "0-1"]
[WhiteTitle "WFM"]
[WhiteElo "2026"]
[BlackElo "2167"]
[Board "21"]
[WhiteClock "n/a"]
[WhiteCountry "ESP"]
[WhiteFideId "32021674"]
[WhiteEloChange "-6"]
[BlackClock "n/a"]
[BlackCountry "ESP"]
[BlackFideId "32041705"]
[BlackEloChange "6"]

1. e4 e6 2. d4 d5 3. Nd2 a6 4. Ngf3 c5 5. c3 Nc6 6. Bd3 cxd4 7. cxd4 dxe4
8. Nxe4 Bb4+ 9. Nc3 Nf6 10. O-O O-O 11. Bg5 h6 12. Bh4 Be7 13. Rc1 Nb4 14.
Bb1 Re8 15. Re1 b6 16. Ne5 Bb7 17. Bxf6 Bxf6 18. Qg4 Rc8 19. Rcd1 Nd5 20.
Nxf7 Kxf7 21. Bg6+ Kg8 22. Bxe8 Qxe8 23. Rxe6 Qd7 24. Qf5 Nxc3 25. bxc3 Rf8
26. Re5 Qxf5 27. Rxf5 Be4 28. Rf4 Bd5 29. a4 Rc8 30. Rd3 Rc4 31. h4 Rxa4
32. Re3 a5 33. Rf5 Bc4 34. d5 Ra1+ 35. Kh2 Rd1 36. Re6 b5 37. Rb6 a4 38. d6
a3 39. Rb8+ Kh7 40. Ra8 a2 41. d7 Rxd7 42. Rc5 Bxc3 43. Rcc8 a1=Q 44. Rxa1
Bxa1 45. f4 Bd3 46. g4 b4 0-1

[Event "U18 Spanish Championship"]
[Site ""]
[Date "2017.08.04"]
[Round "8"]
[White "Martinez Pla, Xavier"]
[Black "Domingo Nunez, Ruben"]
[Result "0-1"]
[BlackTitle "FM"]
[WhiteElo "2166"]
[BlackElo "2283"]
[Board "9"]
[WhiteClock "1:31"]
[WhiteCountry "ESP"]
[WhiteFideId "32074271"]
[WhiteEloChange "-7"]
[BlackClock "1:28"]
[BlackCountry "ESP"]
[BlackFideId "22245570"]
[BlackEloChange "7"]

1. Nf3 Nf6 2. d4 b6 3. Bf4 Bb7 4. e3 g6 5. Be2 Bg7 6. h3 d6 7. c4 O-O 8.
Nc3 Ne4 9. Qc2 Nxc3 10. bxc3 Nd7 11. O-O e5 12. Bh2 Qe7 13. Rfe1 f5 14. a4
a5 15. Rad1 Rad8 16. Nd2 g5 17. Bf3 e4 18. Be2 Kh8 19. c5 dxc5 20. Bxc7 Rc8
21. Bh2 cxd4 22. exd4 e3 23. Bc4 f4 24. fxe3 fxe3 25. Qd3 Rce8 26. Nf1 Qf6
27. Bg3 Qf2+ 28. Bxf2 exf2+ 29. Kh2 fxe1=Q 30. Rxe1 Rxe1 31. Ne3 Ne5 0-1

[Event "U18 Spanish Championship"]
[Site ""]
[Date "2017.08.04"]
[Round "8"]
[White "Salagran Ferragut, Guillem"]
[Black "Esquivias Quintero, Luis Manuel"]
[Result "1-0"]
[WhiteElo "2201"]
[BlackElo "2069"]
[Board "13"]
[WhiteClock "1:32"]
[WhiteCountry "ESP"]
[WhiteFideId "2241897"]
[WhiteEloChange "6"]
[BlackClock "1:30"]
[BlackCountry "ESP"]
[BlackFideId "32018215"]
[BlackEloChange "-6"]

1. e4 c5 2. Nf3 Nc6 3. d4 cxd4 4. Nxd4 g6 5. c4 Bg7 6. Be3 d6 7. Nc3 Nh6 8.
Be2 O-O 9. O-O f5 10. exf5 Nxf5 11. Nxf5 Bxf5 12. Qd2 Be6 13. Bh6 Bxh6 14.
Qxh6 Nd4 15. Qe3 Nxe2+ 16. Qxe2 Qc8 17. b3 Rf7 18. Rfe1 Bg4 19. f3 Bd7 20.
Kh1 Bc6 21. b4 b6 22. a4 a5 23. b5 Bb7 24. Rac1 Qc5 25. Qe6 Rc8 26. h3 Qf5
27. Qxf5 gxf5 28. Nd5 Bxd5 29. cxd5 Rff8 30. Rxc8 Rxc8 31. Rxe7 Rc5 32. Rb7
Rxd5 33. Rxb6 Rd4 34. Ra6 Rxa4 35. b6 Kf7 36. b7 Rb4 37. Rxa5 Rxb7 38.
Rxf5+ Ke6 39. Ra5 d5 40. Ra2 d4 41. Kg1 Kd5 42. Kf2 Re7 43. g4 d3 44. f4
Kc4 45. f5 h6 46. h4 Kb3 47. Ra8 d2 48. Rd8 Kc2 49. f6 Re8 50. Rd7 d1=Q 51.
Rxd1 Kxd1 52. Kf3 Re1 53. g5 hxg5 54. hxg5 Kd2 55. Kf4 Rf1+ 56. Ke5 Rg1 57.
Kf5 Ke3 58. g6 Kd4 59. g7 Rf1+ 60. Ke6 Re1+ 61. Kf7 1-0

[Event "U18 Spanish Championship"]
[Site ""]
[Date "2017.08.04"]
[Round "8"]
[White "Martinez Lopez, Carlos"]
[Black "Centron Antuna, Daniel"]
[Result "1-0"]
[WhiteElo "2034"]
[BlackElo "2112"]
[Board "20"]
[WhiteClock "1:32"]
[WhiteCountry "ESP"]
[WhiteFideId "32041659"]
[WhiteEloChange "12"]
[BlackClock "1:32"]
[BlackCountry "ESP"]
[BlackFideId "22288694"]
[BlackEloChange "-12"]

1. e4 c5 2. Nf3 e6 3. d4 cxd4 4. Nxd4 Nf6 5. Nc3 Bb4 6. e5 Nd5 7. Qg4 O-O
8. Bh6 g6 9. Bxf8 Qxf8 10. Ne2 Qc5 11. Qg3 Nc6 12. O-O-O Nxc3 13. Nxc3 Qxe5
14. Qxe5 Nxe5 15. Be2 d5 16. f4 Nc6 17. h4 Bc5 18. Kb1 a6 19. h5 b5 20.
hxg6 hxg6 21. Bd3 Bb7 22. g4 Kg7 23. Rh3 Nb4 24. Rdh1 Nxd3 25. cxd3 b4 26.
Rh7+ Kf6 27. Ne2 Re8 28. g5+ Ke7 29. Rg7 Rf8 30. Rh6 Kd6 31. Rhh7 Ke7 32.
Rxg6 Bc6 33. Rgg7 Bb5 34. Kc2 Be3 35. g6 Rc8+ 36. Kd1 Bxd3 37. Rxf7+ Kd6
38. Rd7+ Kc6 39. Rdg7 Kb6 40. Rh3 d4 41. Re7 Bf5 42. Rg3 Rh8 43. g7 Rh1+
44. Ng1 Bh7 45. Rxe6+ Kc5 46. Rexe3 dxe3 47. g8=Q Bxg8 48. Rxg8 Kd4 49. f5
Ke5 50. Rg2 Kxf5 51. Ke2 Kf4 52. Kd3 Rh6 53. Ne2+ Kf3 54. Rg3+ Kf2 55. Rxe3
Rh5 56. Re6 Ra5 57. Nc1 Rd5+ 58. Kc4 Rd2 59. Re2+ Rxe2 60. Nxe2 Kxe2 61.
Kxb4 Kd3 62. Kc5 Kc2 63. b4 Kc3 64. a4 1-0

[Event "U18 Spanish Championship"]
[Site ""]
[Date "2017.08.05"]
[Round "9"]
[White "Ortega Lopez, Mikel"]
[Black "Martinez Lopez, Carlos"]
[Result "0-1"]
[WhiteTitle "FM"]
[WhiteElo "2259"]
[BlackElo "2034"]
[Board "12"]
[WhiteCountry "ESP"]
[WhiteFideId "22252878"]
[WhiteEloChange "-16"]
[BlackCountry "ESP"]
[BlackFideId "32041659"]
[BlackEloChange "16"]

1. e4 c5 2. Nf3 d6 3. d4 cxd4 4. Nxd4 Nf6 5. Nc3 a6 6. Be3 e5 7. Nb3 Be6 8.
f4 exf4 9. Bxf4 Nc6 10. Nd4 Nxd4 11. Qxd4 Be7 12. O-O-O O-O 13. a3 Qa5 14.
Bxd6 Bxd6 15. Qxd6 Rfd8 16. Qb4 Qg5+ 17. Kb1 Rxd1+ 18. Nxd1 Rd8 19. Bd3
Qxg2 20. Re1 Qxh2 21. Qxb7 Qe5 22. Qxa6 Nxe4 23. Qb6 Qd6 24. Qxd6 Nxd6 25.
a4 h5 26. Rh1 g6 27. Ne3 Ra8 28. b3 Kg7 29. Kb2 Kh6 30. c4 g5 31. Kc3 f5
32. c5 f4 33. Nc2 Nf5 34. Re1 Ng7 35. Re5 g4 36. Nd4 Bg8 37. c6 f3 38. c7
Rc8 39. Re7 f2 40. Kd2 h4 41. Ke2 Rf8 42. Kf1 g3 43. Be4 h3 44. Nf3 Be6 45.
a5 h2 46. Nxh2 Bh3+ 47. Bg2 Bxg2+ 48. Kxg2 gxh2 49. c8=Q f1=Q+ 50. Kxh2
Rxc8 0-1